MONEY SMART (Record no. 465895)

MARC details
000 -LEADER
fixed length control field 00329nam a2200145Ia 4500
008 - FIXED-LENGTH DATA ELEMENTS--GENERAL INFORMATION
fixed length control field 100204s9999 xx 000 0 und d
082 ## - DEWEY DECIMAL CLASSIFICATION NUMBER
Item number 21071
100 ## - MAIN ENTRY--PERSONAL NAME
Personal name ASSAEL MICHAEL
245 ## - TITLE STATEMENT
Title MONEY SMART
260 ## - PUBLICATION, DISTRIBUTION, ETC. (IMPRINT)
Name of publisher, distributor, etc PPLAYBOY PAPERBACK
Date of publication, distribution, etc 1982
300 ## - PHYSICAL DESCRIPTION
Extent 285
630 ## - SUBJECT ADDED ENTRY--UNIFORM TITLE
Uniform title MONEY SMART
730 ## - ADDED ENTRY--UNIFORM TITLE
Uniform title MONEY SMART
942 ## - ADDED ENTRY ELEMENTS (KOHA)
Koha item type Book
Holdings
Withdrawn status Lost status Damaged status Not for loan Home library Current library Date acquired Cost, normal purchase price Total Checkouts Full call number Barcode Date last seen Cost, replacement price Price effective from Koha item type
        N. C. Kelkar Sarvajanik Library, Mulund N. C. Kelkar Sarvajanik Library, Mulund 02/04/2010 34.15   21071 NCKMULUND-21071 02/04/2010 34.15 02/04/2010 Book